000
00346pam a2200157a 44500
008
230515b1980 xxu||||| |||| 00| 0 eng d
020
_a
NULL
041
_a
ENGLISH
082
_a
630
100
_a
NULL
245
_a
DESIGN OF CHUTE AND SIDE CHANNEL SPILLWAYS
250
_a
0
260
_a
DELHI
_b
ISI
_c
1980
300
_a
23
650
_a
NULL
999
_c
651983
_d
651983